MARC

LEADER 00000nam0a2200000 4500
001 356007
005 20231102010843.0
035 |a (RuTPU)RU\TPU\retro\13267 
090 |a 356007 
100 |a 20200714d1955 km y0rusy50 ca 
101 0 |a rus 
102 |a RU 
105 |a ac z 001zd 
200 1 |a Герцен и Огарев   |h Т. 2  |f Академия наук СССР (АН СССР), Отделение литературы и языка ; под ред. В. В. Виноградова 
210 |a Москва  |c Издательство Академии наук СССР  |d 1955 
215 |a 900 с.  |c ил. 
225 1 |a Литературное наследство  |v Т. 62 
320 |a Именной указатель: с. 868-894 
320 |9 572  |a Библиогр.: с. 791-861 
600 1 |a Герцен  |g Александр Иванович  |f 1812-1870  |c российский революционер  |c писатель  |c философ  |b А. И.  |2 stltpush  |3 (RuTPU)RU\TPU\pers\286 
600 1 |a Огарев  |b Н. П.  |c русский поэт  |f 1813-1877  |g Николай Платонович  |c революционер  |c публицист  |2 stltpush  |3 (RuTPU)RU\TPU\pers\11942 
606 1 |a Русская литература, дореволюционная  |2 stltpush  |3 (RuTPU)RU\TPU\subj\26371  |9 50314 
606 1 |a Русская литература, дореволюционная  |x История и критика  |2 stltpush  |3 (RuTPU)RU\TPU\subj\26372  |9 50315 
610 1 |a литературоведение 
610 1 |a литературная критика 
610 1 |a русские писатели 
610 1 |a русские поэты 
610 1 |a Россия 
610 1 |a 19 век 
610 1 |a история 
610 1 |a переписка 
610 1 |a письма 
675 |a Р1  |v 4 
675 |a 8Р1  |v 4 
702 1 |a Виноградов  |b В. В.  |c лингвист  |c академик  |f 1895-1969  |g Виктор Владимирович  |2 stltpush  |3 (RuTPU)RU\TPU\pers\20916  |4 340  |9 8602 
712 0 2 |a Академия наук СССР (АН СССР)  |b Отделение литературы и языка  |c (Ленинград/Москва)  |c (1925-1991)  |2 stltpush  |3 (RuTPU)RU\TPU\col\722 
801 1 |a RU  |b 63413507  |c 20200714 
801 2 |a RU  |b 63413507  |c 20200722  |g RCR 
942 |c BK